000 00306nam a22001337a 4500
008 170511b xxu||||| |||| 00| 0 eng d
020 _a9781414404028
041 _aeng
080 _22ND
_a34
100 _a15
101 _aSHJ
245 _aGALE ENCYCLOPEDIA OF EVERYDAY LAW
_cWILSON, J
942 _2udc
_cBK
999 _c13192
_d13192